A study of Awareness Among Secondary school students Tow Ards Environmental pollrtion and its remedial Solution (Record no. 29399)

MARC details
000 -LEADER
fixed length control field 00277nam a22000977a 4500
003 - CONTROL NUMBER IDENTIFIER
control field SGT
100 ## - MAIN ENTRY--PERSONAL NAME
Personal name Naveen-221001002
245 ## - TITLE STATEMENT
Title A study of Awareness Among Secondary school students Tow Ards Environmental pollrtion and its remedial Solution
260 ## - PUBLICATION, DISTRIBUTION, ETC. (IMPRINT)
Year of Publication 2022
942 ## - ADDED ENTRY ELEMENTS (KOHA)
Source of classification or shelving scheme Dewey Decimal Classification
Koha item type Thesis/Dissertation
Holdings
Withdrawn status Lost status Source of classification or shelving scheme Damaged status Not for loan Collection code Home library Current library Shelving location Date acquired Accession No. (Barcode) Date last seen Bill Date Koha item type
    Dewey Decimal Classification     EDUCATION SGT Engineering Library SGT Engineering Library On Display 27/01/2025 EDMD04 27/01/2025 27/01/2025 Thesis/Dissertation